MARC

LEADER 00000nam0a2200000 4500
001 33741
005 20251211144712.0
035 |a (RuTPU)RU\TPU\book\34109 
035 |a BOOK00000760 
090 |a 33741 
100 |a 20011210d1988 m y0rusy50 ca 
101 0 |a rus 
102 |a RU 
105 |a a j 001zy 
200 1 |a Электроснабжение промышленных предприятий  |e учебное пособие к курсовому проекту  |f Т. Н. Барченко, Р. И. Закиров  |g Томский политехнический университет 
210 |a Томск  |c Изд-во ТПИ  |d 1988 
215 |a 96 с.  |c ил. 
320 |a Библиография: с. 93 
606 |a Энергоснабжение предприятий  |2 stltpush  |3 (RuTPU)RU\TPU\subj\21369  |9 46377 
610 1 |a электроснабжение 
610 1 |a промышленные предприятия 
610 1 |a сети внутрицеховые 
610 1 |a силовые трансформаторы 
610 1 |a расчеты 
610 1 |a учебные пособия 
675 |a 658.26(075.8)  |v 3 
700 1 |a Барченко  |b Т. Н.  |g Тамара Николаевна 
701 1 |a Закиров  |b Р. И.  |g Рафаиль Измайлович 
712 0 2 |a Томский политехнический университет  |3 (RuTPU)RU\TPU\col\376 
801 0 |a RU  |b 63413507  |c 20011210  |g PSBO 
801 2 |a RU  |b 63413507  |c 20201118  |g PSBO 
942 |c BK